Sanat: "Muistathan" - Päivi Paunu, Kim Floor - Statistics

Yleistilastot
  • Tätä visaa on pelattu 7 kertaa
  • Keskiarvotulos 27 / 118
Vastaustilastot
Hint Vastaus % Oikein
Hetken
60%
hetken
60%
illan
60%
jo
60%
Kävelimme
60%
Läpi
60%
60%
puistikon
60%
60%
Se
60%
se
60%
sekä
60%
sen
60%
sillan
60%
silloin
60%
vain
60%
verran
60%
Ei
40%
ja
40%
kahden
40%
kauniin
40%
kerran
40%
lämpimään
40%
1. Muistathan
40%
On
40%
on
40%
tää
40%
tuo
40%
tuon
40%
vanhan
40%
elämän
20%
Elänyt
20%
elin
20%
ihanan
20%
meille
20%
mun
20%
oon
20%
Päivän
20%
poikki
20%
rakkauden
20%
sun
20%
tiedän
20%
tunne
20%
antamaan
0%
elämänä
0%
ennenkin
0%
ensi
0%
eteemme
0%
hetkisen
0%
ihmisellä
0%
ihmisten
0%
ikuisen
0%
johtui
0%
jolloin
0%
kaikki
0%
käteeni
0%
kätes
0%
kenties
0%
keskellä
0%
Kohtalo
0%
2. Kohtasimme
0%
lämpimin
0%
maan
0%
melkein
0%
Miksi
0%
muuten
0%
näin
0%
naurahtaa
0%
öistä
0%
oivaltaa
0%
oliskaan
0%
omaasi
0%
onnea
0%
onnen
0%
osaltaan
0%
otit
0%
pieni
0%
pienoisen
0%
Puisto
0%
riitti
0%
Sattumako
0%
Sekunnissa
0%
Siitä
0%
silta
0%
suloisimman
0%
surukin
0%
taito
0%
täytyy
0%
toi
0%
Tuokio
0%
3. Unessako
0%
Unta
0%
varmaan
0%
vieläkin
0%
Ehtoja vastaavia visoja ei löytynyt
Tulosjakauma
Jokaisen tuloksen saaneiden osuus
Persentiili vastausten määrän mukaan
Tuloshistoriasi
Et ole pelannut tätä visaa